Abecedario radical - Estadísticas

Estadísticas generales
  • Esta prueba ha sido intentada 3 veces
  • La puntuación promedio es 14 de 23
Estadísticas de respuestas
Letra Pista Respuesta % Correcto
H Vechículo que simbolizó el final del gobierno de Fernando de la Rúa Helicoptero
100%
A Ex Gobernador de la Provincia de Buenos Aires (1983-1987), acompañado por Elva Roulet Alejandro Armendáriz
67%
F Presidente 1958-1962 Arturo Frondizi
67%
I Presidente 1963-1966 Arturo Umberto Illia
67%
D Unión [...], alianza electoral con el PS, PC y PDN derrotada por Juan Domingo Perón en las elecciones de 1946 Democrática
67%
E Vicepresidente de Marcelo T. de Alvear (1922-1928) Elpidio González
67%
N Infame ministro del interior entre 1987 y 1989 Enrique "Coti" Nosiglia
67%
Y Primer presidente radical (1916-1922; 1928-1930) Hipólito Yrigoyen
67%
Q Vicepresidente de Juan Domingo Perón (1946-1952), dirigente de la UCR Junta Renovadora Hortensio Quijano
67%
U General que destituyó en septiembre de 1930 al tercer gobierno radical y miembro de la Logia de 33 Oficiales que participó en la revolución de 1890 José Félix Uriburu
67%
G Destituido este último, lo reemplazó... José María Guido
67%
O Autor del golpe de Estado de junio de 1966 Juan Carlos Onganía
67%
C Candidato a la gobernación de Buenos Aires en 1987 y candidato a vicepresidente de Eduardo Angeloz en 1989 Juan Manuel Casella
67%
L Fundador de la Unión Cívica Radical Leandro N. Alem
67%
K Presidente peronista que planteó una "transversalidad" entre PJ y UCR, formalizada en la fórmula Cristina Fernández - Julio Cobos en 2007 Néstor Kirchner
67%
R Presidente 1983-1989 Raúl Alfonsín
67%
P Revolución radical de 1890 Revolución del Parque
67%
B Histórico dirigente que llegó a postularse cuatro veces a la presidencia (1951, 1958, marzo y septiembre de 1973), fallecido en 1981 Ricardo Balbín
67%
S Presidente que, junto al radicalismo, aprobó la ley de voto secreto, obligatorio y masculino en 1912 Roque Sáenz Peña
67%
V Cofundador de la Unión Cívica Radical y ex Ministro de Guerra, fallecido en 1896 Aristóbulo del Valle
33%
J Presidente de bloque de la UCR en la Cámara de Diputados y cofundador del Movimiento de Renovación y Cambio César "Chacho" Jaroslavsky
33%
T Candidato a presidente por la UD en las elecciones de 1946, acompañado por Enrique Mosca José P. Tamborini
33%
M Grupo de acción política conjunta creado en 1981 por la UCR, PJ, PI, PDC y MID, precedido por La Hora del Pueblo en 1970 La Multipartidaria
33%
No se encontraron pruebas coincidentes
Distribución de puntuación
Porcentaje de gente con cada puntuación
Porcentaje por número respondido
Historial de tus puntuaciones
No has intentado esta prueba.